LEADER 01399nam a2200301 4500 001 000000347026 003 CaOOAMICUS 005 20240423104933.0 008 210714s2018 it 000 u ita r 020 $a978-88-399-2889-4 040 $aSeMil$bita 100 1 $aTessaglia, Stefano,$d<1981- >.$0(OLS)http://semarc/name/114291 245 10$aChiesa contestata, Chiesa contestante :$bPaolo 6., i cattolici e il Sessantotto /$cStefano Tessaglia ; presentazione di Maurilio Guasco. 264 1$aBrescia :$bQueriniana,$c2018. 300 $a282 p. ;$c21 cm 490 1 $aBooks 600 04$aPaolo VI .$0(OLS)http://semarc/subject/713 650 4$aContestazione <1968>.$0(OLS)http://semarc/subject/55573 650 4$aChiesa - Storia - Sec. 20.$0(OLS)http://semarc/subject/8932 700 1 $aGuasco, Maurilio,$d<1939- >.$0(OLS)http://semarc/name/3478 830 0$aBooks.$0(OLS)http://semarc/title/436272 850 $aSeMil 852 $aSeMil$W1$xVenegono$y1$m3A II 394$j227516$B238089$CSeMilBibl$Z2$F238089 $81 961 $aPerego don Stefano - Omaggio 996 $6020$a978-88-399-2889-4$9(OLS)http://semarc/number/293655 996 $6245$aChiesa contestata, Chiesa contestante :$bPaolo 6., i cattolici e il Sessantotto$9(OLS)http://semarc/title/436271 996 $6264$aBrescia :$bQueriniana$9(OLS)http://semarc/publisher/29615 LEADER 01057nam a2200253 i 4500 001 000000096671 003 CaOOAMICUS 005 20041109000000.0 008 041109s1985 xx u000 u spa u 013 $a68913 040 $aSeMil$bita 100 1 $aLarrañaga, Ignacio,$c.$0(OLS)http://semarc/name/17023 245 10$aDel sufrimiento a la paz :$bhacia una liberación interior /$cIgnacio Larrañaga. 250 $a3. ed. 260 $aMadrid :$bPaulinas,$c1985. 300 $a246 p. ;$c20 cm. 490 0 $aColección "Betania" ;$v10 650 4$aSofferenza - Spiritualità.$0(OLS)http://semarc/subject/15018 650 4$aSofferenza psichica.$0(OLS)http://semarc/subject/15019 830 0$aBetania ;$v10.$0(OLS)http://semarc/title/23637 850 $aSeMil 852 $aSeMil$W1$xVenegono$y1$m662 53 10 *$j56185$B56185$CSeMilBibl$Z2$F64272 $81 996 $6245$aDel sufrimiento a la paz :$bhacia una liberación interior$9(OLS)http://semarc/title/119501 996 $6260$aMadrid :$bPaulinas$9(OLS)http://semarc/publisher/31999